ARRUPE JESUIT UNIVERSITY

CORONAVIRUS -STOP THE SPREAD - CLEAN,DISINFECT,COVER

Pythagorean Plato : (Record no. 122260)

MARC details
000 -LEADER
fixed length control field 00496nam a22001577a 4500
008 - FIXED-LENGTH DATA ELEMENTS--GENERAL INFORMATION
fixed length control field 150304b xxu||||| |||| 00| 0 eng d
020 ## - INTERNATIONAL STANDARD BOOK NUMBER
International Standard Book Number 9780892540105
050 ## - LIBRARY OF CONGRESS CALL NUMBER
Classification number ML169.M3
100 ## - MAIN ENTRY--PERSONAL NAME
Personal name McClain, Ernest G
9 (RLIN) 15736
245 ## - TITLE STATEMENT
Title Pythagorean Plato :
Remainder of title prelude to the song itself
Statement of responsibility, etc / by Ernest G. McClain
260 ## - PUBLICATION, DISTRIBUTION, ETC. (IMPRINT)
Place of publication, distribution, etc Maine, USA
Name of publisher, distributor, etc Nicholas-Hays
Date of publication, distribution, etc 1978
300 ## - PHYSICAL DESCRIPTION
Extent v.192p. ;
Dimensions 23cm.
650 ## - SUBJECT ADDED ENTRY--TOPICAL TERM
Topical term or geographic name as entry element Plato
9 (RLIN) 15737
650 ## - SUBJECT ADDED ENTRY--TOPICAL TERM
Topical term or geographic name as entry element Pythagoras and pythagorean school
9 (RLIN) 15738
942 ## - ADDED ENTRY ELEMENTS (KOHA)
Source of classification or shelving scheme Library of Congress Classification
Item type Monograph ( Printed materials)
Holdings
Withdrawn status Lost status Source of classification or shelving scheme Damaged status Not for loan Collection code Home library Current library Shelving location Date acquired Total Checkouts Full call number Barcode Date last seen Date last borrowed Price effective from Koha item type
    Library of Congress Classification     Main Collection ARRUPE LIBRARY ARRUPE LIBRARY Main Collection 04/03/2015 11 ML169.M3 46500002822 26/05/2020 17/03/2020 04/03/2015 Monograph ( Printed materials)

 

Arrupe Library. PO Box MP320 Mt Pleasant, Harare, Zimbabwe
263 242 745411|librarian@aju.ac.zw